000 00357cam a22001097a 4500
008 180718b2017 xxu||||| |||| 00| 0 eng d
020 _a9789384082949
245 _aDemocracy in India : current debates and emerging challenges
_cedited by Lancy Lobo and Jayesh Shah
260 _aDelhi
_bPromus
_c2017
300 _a197p.
700 _aLobo, Lancy and Shah, Jayesh
999 _c446241
_d446241